All NFL Kickers of the 2010s - Statistics

General Stats
  • This quiz has been taken 16 times
  • The average score is 35 of 93
Answer Stats
# FGA Teams Quarterback % Correct
308 Colts Adam Vinatieri
87%
297 Packers Mason Crosby
87%
285 Broncos, Lions Matt Prater
87%
307 Patriots Stephen Gostkowski
87%
156 Steelers Chris Boswell
80%
292 Ravens Justin Tucker
80%
283 49ers, Bears, Giants Robbie Gould
80%
269 Commanders, Panthers Graham Gano
73%
107 Chiefs Harrison Butker
73%
143 Jaguars, Jets, Seahawks Jason Myers
73%
248 Buccaneers, Jets, Patriots Nick Folk
73%
187 Seahawks, Vikings Blair Walsh
67%
47 Raiders, Vikings Daniel Carlson
67%
88 Eagles Jake Elliott
67%
50 Dolphins Jason Sanders
67%
286 Falcons Matt Bryant
67%
250 Raiders, Seahawks Sebastian Janikowski
67%
136 Saints Wil Lutz
67%
32 Chargers, Falcons Younghoe Koo
67%
134 Bears, Buccaneers, Chiefs, Rams, Titans Cairo Santos
60%
268 Cowboys, Vikings Dan Bailey
60%
245 Rams Greg Zuerlein
60%
92 Texans Ka'imi Fairbairn
60%
35 Buccaneers Matt Gay
60%
69 Browns, Cardinals Zane Gonzalez
60%
173 Broncos Brandon McManus
53%
66 Cowboys Brett Maher
53%
23 49ers, Chargers, Colts Chase McLaughlin
53%
156 49ers, Eagles, Lions David Akers
53%
293 Bills, Broncos, Seahawks Stephen Hauschka
53%
121 Bears, Browns, Dolphins, Eagles, Titans Cody Parkey
47%
175 Bengals, Giants, Rams Josh Brown
47%
5 Chargers Kris Brown
47%
219 Bears, Bengals, Cowboys, Patriots, Raiders Mike Nugent
47%
94 Dolphins, Falcons, Patriots, Ravens, Saints, Texans Shayne Graham
47%
133 Browns, Commanders, Ravens Billy Cundiff
40%
228 Bills, Dolphins Dan Carpenter
40%
32 Panthers Joey Slye
40%
114 Jaguars, Steelers Josh Scobee
40%
151 Commanders, Cowboys, Jaguars, Patriots, Saints, Vikings Kai Forbath
40%
176 Bengals, Jets, Steelers, Texans Randy Bullock
40%
258 Chiefs, Titans Ryan Succop
40%
75 Giants Aldrick Rosas
33%
146 Commanders Dustin Hopkins
33%
20 Browns Greg Joseph
33%
119 Bears, Cardinals Jay Feely
33%
139 Chargers, Jaguars Josh Lambo
33%
251 49ers, Browns, Cardinals Phil Dawson
33%
118 Titans Rob Bironas
33%
31 Buccaneers Roberto Aguayo
33%
142 Buccaneers, Cardinals, Jets, Panthers Chandler Catanzaro
27%
28 Bears Eddy Pineiro
27%
79 Lions Jason Hanson
27%
86 Giants Lawrence Tynes
27%
32 Chargers Michael Badgley
27%
38 Chargers, Dolphins Nate Kaeding
27%
192 Chargers, Texans Nick Novak
27%
66 Bears, Panthers, Seahawks Olindo Mare
27%
141 Steelers Shaun Suisham
27%
91 Eagles, Lions Alex Henery
20%
37 Dolphins Andrew Franks
20%
29 Browns Austin Seibert
20%
171 Bears, Broncos, Buccaneers Connor Barth
20%
6 Saints John Carney
20%
63 Panthers, Saints John Kasay
20%
46 Vikings Ryan Longwell
20%
9 Chargers Ty Long
20%
150 Chargers, Dolphins, Eagles Caleb Sturgis
13%
80 Browns, Saints Garrett Hartley
13%
27 Falcons, Raiders Giorgio Tavecchio
13%
32 49ers, Steelers Jeff Reed
13%
12 Buccaneers Kyle Brindza
13%
68 Texans Neil Rackers
13%
14 Chargers, Commanders Nick Rose
13%
49 Browns, Buccaneers Patrick Murray
13%
89 Bills, Buccaneers Rian Lindell
13%
33 Jets, Rams Sam Ficken
13%
4 Bengals Aaron Pettrey
7%
1 Bills Brandon Coutu
7%
8 Bengals Clint Stitser
7%
31 Bills, Lions Dave Rayner
7%
32 Cowboys David Buehler
7%
13 49ers Joe Nedney
7%
1 Rams Johnny Hekker
7%
4 Commanders John Potter
7%
10 Panthers Justin Medlock
7%
1 Jets Kaare Vedvik
7%
12 Raiders, Steelers Matthew McCrane
7%
1 Chargers Mike Scifres
7%
7 Lions Nate Freese
7%
4 49ers Shane Andrus
7%
40 Browns, Chargers Travis Coons
7%
14 Rams, Saints Zach Hocker
7%
No matching quizzes found
Score Distribution
Percent of People with Each Score
Percentile by Number Answered
Your Score History
You have not taken this quiz